Property in play (Record no. 83729)

MARC details
000 -LEADER
fixed length control field 00947cab a22002055a 4500
001 - CONTROL NUMBER
control field L154875
008 - FIXED-LENGTH DATA ELEMENTS--GENERAL INFORMATION
fixed length control field 120124e20120121xxk 000 0 eng d
035 ## - SYSTEM CONTROL NUMBER
System control number (Sirsi) u154875
041 0# - LANGUAGE CODE
Language code of text/sound track or separate title eng
100 1# - MAIN ENTRY--PERSONAL NAME
Personal name Whiteson, Jeremy
245 00 - TITLE STATEMENT
Title Property in play
260 ## - PUBLICATION, DISTRIBUTION, ETC.
Date of publication, distribution, etc. 2012
490 ## - SERIES STATEMENT
Series statement Estates Gazette
Volume/sequential designation (1203) 21 January 2012, 80-82(3)
520 ## - SUMMARY, ETC.
Summary, etc. Lessons to be learned from the Plymouth Argyle Football club administration. Notes how the acquisition of the club from the administrators was complicated by the convoluted regulatory structure of the football world and because valuable property and trading assets were held in the same entity. Discusses how some of the difficulties were addressed in the Plymouth Argyle deal and makes suggestions as to how these issues can be tackled in other cases.
590 ## - LOCAL NOTE (RLIN)
Local note KA
651 #4 - SUBJECT ADDED ENTRY--GEOGRAPHIC NAME
Geographic name United Kingdom
Chronological subdivision
690 ## - LOCAL SUBJECT ADDED ENTRY--TOPICAL TERM (OCLC, RLIN)
Topical term or geographic name as entry element Insolvency
9 (RLIN) 6247
690 ## - LOCAL SUBJECT ADDED ENTRY--TOPICAL TERM (OCLC, RLIN)
Topical term or geographic name as entry element Property management
9 (RLIN) 6262
942 ## - ADDED ENTRY ELEMENTS (KOHA)
Suppress in OPAC 0
Holdings
Withdrawn status Lost status Source of classification or shelving scheme Damaged status Not for loan Home library Current library Shelving location Date acquired Total Checkouts Full call number Barcode Date last seen Copy number Price effective from Koha item type
    Dewey Decimal Classification     London London Journal article 24/01/2012   L154875 154875-1001 06/08/2019 1 06/08/2019 Journal article